|
|
|
|
| LEADER |
00000cas a2200000 a 4500 |
| 001 |
vtls008885230 |
| 003 |
SK-MaSNL |
| 005 |
20260228161444.0 |
| 008 |
151120d19901993xo er|p 0 0 b0slo |
| 022 |
|
|
|a 1210-2377
|
| 035 |
|
|
|a (SVKBB03)vtls000251863
|
| 040 |
|
|
|a SVKBB
|b slo
|c SVKBB
|d SNK
|e AACR2
|
| 041 |
0 |
|
|a slo
|
| 043 |
|
|
|a e-xo---
|
| 044 |
|
|
|a xo
|c SK
|
| 072 |
|
7 |
|a 678
|x Priemysel makromolekulárnych látok. Gumárenský priemysel. Priemysel plastov
|2 konspekt
|
| 080 |
|
|
|a 678
|2 2001
|
| 080 |
|
|
|a 050
|2 2001
|
| 210 |
0 |
|
|a Gumár
|b (Púchov)
|
| 222 |
|
0 |
|a Gumár
|b (Púchov)
|
| 245 |
0 |
0 |
|a Gumár
|b dvojtýždenník akciovej spoločnosti Gumárne Barum, Púchov
|
| 260 |
|
|
|a Púchov
|b Gumárne Barum
|c 1990-1993
|
| 300 |
|
|
|a 4 zv.
|c 28-41 cm
|
| 310 |
|
|
|a 26x ročne
|
| 362 |
0 |
|
|a Roč. XXXII, č. 13-14 (1990)-roč. XXXV, č. 13 (1993)
|
| 500 |
|
|
|a Od 1/1991-11/1993 bez podnázvu ; 12/1993-13/1993 noviny akciovej spoločnosti Matador, Púchov
|
| 500 |
|
|
|a Od 1/1991-25/1991 rozmer zv. 28 cm
|
| 500 |
|
|
|a Ved. red. sa menia
|
| 610 |
2 |
7 |
|a Gumárne Barum (Púchov, Slovensko)
|2 SNKKA
|9 268647
|
| 650 |
0 |
7 |
|a gumárenský priemysel
|2 SNKPH
|9 67655
|
| 655 |
|
7 |
|a podnikové periodiká
|2 SNKPH
|9 132333
|
| 780 |
0 |
0 |
|t Družba gumárov
|w vtls008885229
|
| 785 |
0 |
0 |
|t Matador
|w vtls001468814
|
| 910 |
|
|
|a snk
|
| 916 |
|
|
|a 1990-1993
|
| 958 |
|
|
|a OND
|
| 999 |
|
|
|c 5413
|d 7343
|
| 952 |
|
|
|0 0
|1 0
|4 0
|7 0
|a SNK
|b SNK
|d 2015-07-22
|f 1
|i snkČSP 1259/91
|l 0
|o snkČSA 576/32/1990
|p 17A1048018
|r 2026-02-21 19:45:51
|t č. 13-26
|w 2026-02-21
|y PREZ
|
| 952 |
|
|
|0 0
|1 0
|4 0
|7 0
|a SNK
|b SNK
|d 2015-07-22
|f 1
|i snkČSP 3921/92
|l 0
|o snkČSA 576/33/1991
|p 17A0759353
|r 2026-02-21 19:45:51
|t č. 1-35
|w 2026-02-21
|y PREZ
|
| 952 |
|
|
|0 0
|1 0
|4 0
|7 0
|a SNK
|b SNK
|d 2015-07-22
|f 1
|i snkČSP 3448/93
|l 0
|o snkČSA 576/34/1992
|p 17A0759354
|r 2026-02-21 19:45:51
|t č. 1-25
|w 2026-02-21
|y PREZ
|
| 952 |
|
|
|0 0
|1 0
|4 0
|7 0
|a SNK
|b SNK
|d 2015-07-22
|f 1
|i snkČSP 1114/95
|l 0
|o snkČSA 576/35/1993
|p 17A0759356
|r 2026-02-21 19:45:51
|t č. 1-13
|w 2026-02-21
|y PREZ
|